00660nam a2200241 a 4500001001300000003000900013005001700022008004100039020001000080082001400090100001700104245002500121260004400146300000900190500003500199505001000234650001300244700001700257902000800274942000700282952011400289999001500403nice12345678IN_TiNIC20260116011729.0050524s1970 boma grp 000 0 eng  ac10000a230bSIN3 aSingh, Bakht aReturn of God Glory. aBombaybGospel Literature Servicec1970 a110p aincludes index and biblioraphy2 aIndex aTheology1 aSingh, Bakht bSRS cBK 001040708StackRoom-aHMIbHMId2007-06-12g100.00l0o230 SIN3p06128r2007-06-12v100.00w2005-05-24yBK c3572d3572